African Countries by European Colonizer Countries - Statistics

General Stats
  • This quiz has been taken 512 times
    137 since last reset
  • The average score is 42 of 52
Answer Stats
Modern African Country European Colonizer Country % Correct
Algeria France
99%
Angola Portugal
92%
Benin France
90%
Burkina Faso France
90%
Cameroon* France, Germany, and UK
89%
Botswana United Kingdom
89%
Egypt United Kingdom
89%
Democratic Rep. of the Congo Belgium
88%
Cape Verde Portugal
86%
Ghana United Kingdom
85%
Kenya United Kingdom
85%
Central African Republic France
84%
Chad France
84%
Djibouti France
84%
Ivory Coast France
84%
Gambia United Kingdom
84%
Lesotho United Kingdom
84%
Eritrea* Italy and UK
82%
Eswatini United Kingdom
82%
Comoros France
81%
Gabon France
81%
Equatorial Guinea* Portugal and Spain
81%
Namibia* Germany and UK
80%
Nigeria United Kingdom
80%
Guinea France
79%
Morocco* France and Spain
79%
Libya Italy
79%
Malawi United Kingdom
79%
Madagascar France
78%
Mauritania France
78%
Niger France
78%
Mauritius* France and UK
78%
Mali France
77%
South Africa* Netherlands and UK
77%
Rep. of the Congo France
76%
Senegal France
76%
Guinea-Bissau Portugal
76%
Mozambique Portugal
76%
São Tomé and Príncipe Portugal
76%
Tunisia France
75%
South Sudan United Kingdom
75%
Tanzania* Germany and UK
74%
Seychelles United Kingdom
74%
Sierra Leone United Kingdom
74%
Sudan United Kingdom
74%
Uganda United Kingdom
74%
Somalia* France, Italy, and UK
73%
Zambia United Kingdom
73%
Zimbabwe United Kingdom
73%
Togo* France and Germany
71%
Burundi* Belgium and Germany
70%
Rwanda* Belgium and Germany
69%
No matching quizzes found
Score Distribution
Percent of People with Each Score
Percentile by Number Answered
Your Score History
You have not taken this quiz since the last reset